Online Catalogue and eLibrary

The Codes of Advertising: (Record no. 1114)

MARC details
000 -LEADER
fixed length control field 00537nam a2200193Ia 4500
005 - DATE AND TIME OF LATEST TRANSACTION
control field 20250319045846.0
008 - FIXED-LENGTH DATA ELEMENTS--GENERAL INFORMATION
fixed length control field 240331s9999 xx 000 0 und d
020 ## - INTERNATIONAL STANDARD BOOK NUMBER
ISBN 041590353X
082 ## - DDC Classification
Class No. 302.23
Item Number - Author Mark JHA
DDC Edition Number 2528
100 ## - MAIN ENTRY--PERSONAL NAME
Personal name Jhally, S
245 #4 - TITLE STATEMENT
Title The Codes of Advertising:
Remainder of title Fetishism and the Political Economy of Meaning in the Consumer Society
260 ## - PUBLICATION, DISTRIBUTION, ETC.
Place of publication, distribution, etc. London;
-- New York,
Name of publisher, distributor, etc. Routledge
Date of publication, distribution, etc. 1990
300 ## - PHYSICAL DESCRIPTION
Extent (e.g. Volumes, Pages etc.) ix, 225 p.,
650 ## - SUBJECT ADDED ENTRY--TOPICAL TERM
Topical term or geographic name entry element Marxism
650 ## - SUBJECT ADDED ENTRY--TOPICAL TERM
Topical term or geographic name entry element Advertisements
650 ## - SUBJECT ADDED ENTRY--TOPICAL TERM
Topical term or geographic name entry element Religion
650 ## - SUBJECT ADDED ENTRY--TOPICAL TERM
Topical term or geographic name entry element Labour
942 ## - Koha item type (Biblio)
Koha item type Books in Stacks (Lending)
Holdings
Lost status Damaged status Collection code Home library Current library Shelving location Date acquired Full call number Accession Number Item type
    Lending WERC Library WERC Library Social Science Cupboard 03/31/2024 302.23 JHA 2528 Books in Stacks (Lending)

© WERC Library